Statistics for All Rock Type Pokémon

Click here to take the quiz!

General Stats

  • This quiz has been taken 941 times
    (178 since last reset)
  • The average score is 66 of 81

Answer Stats

TypeAnswer% Correct
Rock/ElectricAlolan Geodude
98%
Rock/GroundGeodude
98%
Rock/FlyingAerodactyl

Mega Aerodactyl
97%
Rock/ElectricAlolan Golem
97%
Rock/ElectricAlolan Graveler
97%
Rock/GroundGolem
97%
Rock/GroundGraveler
97%
Rock/WaterKabuto
94%
Rock/WaterOmastar
94%
Rock/GrassCradily
93%
Rock/WaterKabutops
93%
Rock/GrassLileep
93%
Rock/WaterOmanyte
93%
Rock/DragonTyrantrum
93%
Rock/DragonTyrunt
93%
Rock/GroundOnix
92%
Rock/BugArmaldo
90%
Rock/BugAnorith
89%
Rock/FlyingArchen
89%
Rock/FlyingArcheops
89%
Rock/SteelBastiodon
89%
RockGigalith
89%
Rock/SteelShieldon
89%
Rock/FairyCarbink
88%
Rock/FireCoalossal

Gigantamax Coalossal
88%
Rock/FairyDiancie

Mega Diancie
88%
Rock/DarkTyranitar

Mega Tyranitar
88%
RockBoldore
87%
RockCranidos
87%
Bug/RockCrustle
87%
RockRoggenrola
87%
Rock/IceAurorus
85%
Bug/RockDwebble
85%
RockRampardos
85%
Steel/RockAggron
84%
Steel/RockAron
84%
Water/RockCarracosta
84%
Steel/RockLairon
84%
Fire/RockMagcargo
84%
Ground/RockRhydon
84%
Ground/RockRhyhorn
84%
Rock/FireCarkol
83%
Rock/GroundLarvitar
83%
Rock/PsychicLunatone
83%
Rock/GroundPupitar
83%
Ground/RockRhyperior
83%
Rock/PsychicSolrock
83%
Rock/IceAmaura
82%
RockRegirock
82%
RockRolycoly
82%
Water/RockTirtouga
82%
RockLycanroc (Midday Form)

Lycanroc (Midnight Form)

Lycanroc (Dusk Form)
81%
RockRockruff
81%
Bug/RockShuckle
81%
Water/RockCorsola
78%
Water/RockRelicanth
76%
Rock/PoisonGlimmet
74%
Rock/PoisonGlimmora
74%
Bug/RockKleavor
74%
Rock/PoisonNihilego
74%
RockNosepass
74%
Rock/SteelProbopass
74%
Rock/FightingTerrakion
74%
Rock/FlyingMinior (Meteor Form)

Minior (Core Form)
73%
Rock/WaterBarbaracle
70%
Rock/WaterBinacle
69%
RockGarganacl
69%
RockNacli
69%
RockNaclstack
69%
Ice/RockHisuian Avalugg
67%
Rock/SteelStakataka
67%
RockStonjourner
64%
RockSudowoodo
64%
RockBonsly
62%
Rock/ElectricIron Thorns
62%
Fire/RockHisuian Arcanine
61%
Fire/RockHisuian Growlithe
61%
Rock/PsychicIron Boulder
56%
Water/RockDrednaw

Gigantamax Drednaw
55%
RockKlawf
55%
Grass/RockOgerpon (Cornerstone Mask)
51%

Score Distribution

Percentile by Number Answered

Percent of People with Each Score

Your Score History

You have not taken this quiz since the last reset